| 000 | 00966nam a22002897a 4500 | ||
|---|---|---|---|
| 001 | 7471 | ||
| 003 | FISKH | ||
| 005 | 20250718085804.0 | ||
| 008 | 250718b cb ||||| |||| 00| 0 eng d | ||
| 020 | _a9781603570916 | ||
| 040 |
_aFISKH _beng _cFISKH _dFISKH |
||
| 050 | _aPZ7.H558 I | ||
| 100 | _aHillert, Margaret | ||
| 245 |
_aIt's fall, dear dragon / _cby Margaret Hillert : Illustrated by David Schimmell |
||
| 260 |
_aChicago : _bNorwood House Press , _c2010. |
||
| 300 |
_a32 pages : _bcolor illustrations ; _c20 cm . |
||
| 490 | _aDear Dragon | ||
| 505 | _aF | ||
| 520 | _a"A boy meets his pet dragon after school to rake and jump in leaves, carve a pumpkin, and enjoy a pretty fall day"--Provided by publisher. | ||
| 521 | 8 |
_a350
_bLexile estimate |
|
| 521 | 8 |
_aF
_bRaz-Plus |
|
| 650 |
_aNetgalley _vFiction |
||
| 650 |
_aAnimals _vFiction |
||
| 700 |
_aSchimmell, David _eIllustrator |
||
| 942 |
_2ddc _cBK _n0 |
||
| 999 |
_c7471 _d7471 |
||